Integriertes Curriculum Naturwissenschaft : theoretische Grundlagen und Ansätze : Bericht über das 4. IPN-Symposion /

Saved in:
Bibliografiske detaljer
Institution som forfatter: Kiel. Universität
Andre forfattere: Frey, Karl, Häussler, Peter
Format: Bog
Sprog:German
Udgivet: Weinheim : Beltz, 1973.
Fag:
LEADER 01148nam a2200277 4500
001 c000159012
003 CARM
005 20020110095646.0
008 830825s1973 gw a 000 0 ger
010 |a 74317615 
019 1 |a 23296182  |5 LACONCORD2021 
020 |a 3407691017 
035 |a (OCoLC)223219458  |5 LACONCORD2021 
040 |a DLC  |b eng  |c CarP  |d DLC  |d VU 
050 0 0 |a QH51  |b .K43 1973 
110 1 |a Kiel.  |b Universität.  |t Institut für die Pädagogik der Naturwissenschaften. 
245 1 0 |a Integriertes Curriculum Naturwissenschaft :  |b theoretische Grundlagen und Ansätze : Bericht über das 4. IPN-Symposion /  |c hrsg. von Karl Frey und Peter Häussler. 
260 |a Weinheim :  |b Beltz,  |c 1973. 
300 |a iii, 468 p. :  |b ill. ;  |c 21 cm. 
650 0 |a Natural history  |x Study and teaching. 
650 0 |a Interdisciplinary approach in education. 
700 1 |a Frey, Karl. 
700 1 |a Häussler, Peter. 
852 8 |b CARM  |h A2:AJ11A0  |i B04760  |p 0209128  |f BK 
999 f f |i be66b21c-6892-53cc-84ef-1516d93b28f2  |s 71e56a23-e123-5976-aa1b-96d47fee8eca 
952 f f |p Can circulate  |a CAVAL  |b CAVAL  |c CAVAL  |d CARM 1 Store  |e B04760  |f A2:AJ11A0  |h Other scheme  |i book  |m 0209128